00693nam a2200241 a 4500001001300000003000900013005001700022008004100039020001000080082001800090100002400108245002500132260003600157300000900193500003500202505002700237650001500264700002400279902000800303942000700311952011800318999001500436nice12345678IN_TiNIC20260116011513.0050524s0000 shia grp 000 0 urd  ac10000a297.86bAHM27 aAhmad, Mirza Ghulam aKeramut-Us-Sadiqien. aShimlabIndian Institute c0000 a100p aincludes index and biblioraphy2 aPlus Some Other Tracts aAhmadiyyah1 aAhmad, Mirza Ghulam bSRS cBK 001040708StackRoom-aHMIbHMId2007-06-29g100.00l0o297.86 AHM27p04116r2007-06-29v100.00w2005-05-24yBK c2116d2116